Teoría de autómatas y gramáticas formales /

Guardado en:
Autor Principal: Boussard, J. C.
Formato: Libro
Idioma:Spanish
Publicado: Bahía Blanca : Universidad Nacional del Sur, 1966.
Etiquetas: Agregar Etiqueta
Sin Etiquetas, Sea el primero en etiquetar este registro!
LEADER 00555nam a22001575a 4500
001 MAT.inmabb005306
008 081014s1966####ag############000#0#spa#d
005 20160606163050.0
245 1 0 |a Teoría de autómatas y gramáticas formales /  |c J. C. Boussard. 
260 |a Bahía Blanca :  |b Universidad Nacional del Sur,  |c 1966. 
300 |a 1 v. (varias paginaciones) ;  |c 28 cm. 
500 |a Mimeografiado. 
100 1 |a Boussard, J. C. 
084 |a 68Qxx (03D05 68Q45)  |2 msc2000 
859 |h 68  |i B777  |p A-2413  |b BIB. MATEMATICA 
859 |h 68  |i B777  |p A-2414  |t Ej. 2  |b BIB. MATEMATICA